Transaction processing : concepts and techniques
Αποθηκεύτηκε σε:
| Κύριος συγγραφέας: | |
|---|---|
| Άλλοι συγγραφείς: | |
| Μορφή: | Βιβλίο |
| Γλώσσα: | English |
| Δημοσίευση: |
San Francisco, Calif. :
Morgan Kaufmann pub.,
c1993
|
| Σειρά: | Morgan Kaufmann series in data management systems
|
| Θέματα: | |
| Ετικέτες: |
Προσθήκη ετικέτας
Δεν υπάρχουν, Καταχωρήστε ετικέτα πρώτοι!
|
MARC
| LEADER | 00000nam a2200000 i 4500 | ||
|---|---|---|---|
| 001 | 1/2484 | ||
| 008 | 000508s1993 eng d | ||
| 020 | |a 1558601902 | ||
| 035 | |l 10060447 | ||
| 040 | |a GR-MY-UA |b gre |e aacr | ||
| 041 | 0 | |a eng | |
| 082 | 0 | |a 004.33 | |
| 100 | 1 | |a Gray, Jim. | |
| 245 | 1 | 0 | |a Transaction processing : |b concepts and techniques / |c Jim Gray, Andreas Reuter |
| 260 | |a San Francisco, Calif. : |b Morgan Kaufmann pub., |c c1993 | ||
| 300 | |a xxxii, 1070 p.; |b ill.; |c 25 cm. | ||
| 490 | 1 | |a Morgan Kaufmann series in data management systems | |
| 504 | |a Incudes bibliographical references and index | ||
| 650 | 0 | 0 | |a Transaction systems (Computer systems) |
| 700 | 1 | |a Reuter, Andreas. | |
| 830 | 0 | |a Morgan Kaufmann series in data management systems | |
| 852 | |a INST |b SAMOS |e 20000508 |h 004.33 GRA |p 005300015297 |q 005300015297 |t BK |y 0 | ||
| 901 | |a BIBL3-2000-2 | ||
| 909 | |a Σ |b 075181 | ||
| 922 | |a 3ΕΛΗ |b 200003 |c ΤΠΕΣ/ΤΑΚΤ |d ΠΑΠΑΣΩΤΗΡΙΟΥ | ||
| 970 | |a ΓΕΝΟΥΖΟΥ |b ΧΡΥΣΑΝΘΗ |z 2000/05/08 | ||